TOEFL IBT activator reading intermediate
Na minha lista:
| Formato: | Livro |
|---|---|
| Publicado em: |
T.P. Hồ Chí Minh
Tổng hợp T.P. Hồ Chí Minh; Công ty TNHH Nhân Trí Việt
2008
|
| Assuntos: | |
| Tags: |
Adicionar Tag
Sem tags, seja o primeiro a adicionar uma tag!
|
| Thư viện lưu trữ: | Trung tâm Học liệu Lê Vũ Hùng, Trường Đại học Đồng Tháp |
|---|
| LEADER | 00905pam a22002298a 4500 | ||
|---|---|---|---|
| 001 | 00038619 | ||
| 005 | 20190730150750.0 | ||
| 008 | 170516s2008 ||||||Engsd | ||
| 020 | # | # | |c 0 |
| 041 | 0 | # | |a Eng |
| 082 | 1 | 4 | |a 428 |b T421I |
| 245 | 1 | 0 | |a TOEFL IBT activator reading intermediate |
| 260 | # | # | |a T.P. Hồ Chí Minh |b Tổng hợp T.P. Hồ Chí Minh; Công ty TNHH Nhân Trí Việt |c 2008 |
| 300 | # | # | |c 27 cm. |a 208 tr. |
| 653 | # | # | |a Bài kiểm tra |
| 653 | # | # | |a Đọc hiểu |
| 653 | # | # | |a Ngôn ngữ |
| 653 | # | # | |a TOEFL |
| 653 | # | # | |a Tiếng Anh |
| 852 | # | # | |j KGT.0058461 |j KGT.0058464 |j KGT.0058463 |j KD.0025285 |j KGT.0058448 |j KGT.0058449 |j KGT.0058450 |j KGT.0058451 |j KGT.0058452 |j KGT.0058453 |j KGT.0058454 |j KGT.0058455 |j KGT.0058456 |j KGT.0058457 |j KGT.0058462 |
| 910 | 0 | # | |e ltkchi |f 30/07/2019 |
| 980 | # | # | |a Trung tâm Học liệu Lê Vũ Hùng, Trường Đại học Đồng Tháp |